MARC

LEADER 00000nam0a2200000 4500
001 353833
005 20231102010630.0
035 |a (RuTPU)RU\TPU\retro\11091 
090 |a 353833 
100 |a 20200603d1972 km y0rusy50 ca 
101 0 |a rus 
102 |a RU 
105 |a a z 001zy 
200 1 |a Электролитическое получения магния  |f Х. Л. Стрелец 
210 |a Москва  |c Металлургия  |d 1972 
215 |a 336 с.  |c ил. 
320 |a Библиогр.: с. 330-336 
606 1 |a Магний  |x Производство  |x Электролиз  |2 stltpush  |3 (RuTPU)RU\TPU\subj\40752  |9 60587 
610 1 |a свойства 
610 1 |a применение 
610 1 |a хлористый магний 
610 1 |a кристаллогидраты 
610 1 |a обезвоживание 
610 1 |a технологические схемы 
610 1 |a физико-химические свойства 
610 1 |a состав 
610 1 |a электролиты 
610 1 |a электролизеры 
610 1 |a производительность 
610 1 |a материальные балансы 
610 1 |a технология 
610 1 |a плавка 
610 1 |a рафинирование 
675 |a 669.721  |v 4 
700 1 |a Стрелец  |b Х. Л.  |g Хаим Липович 
801 1 |a RU  |b 63413507  |c 20200603 
801 2 |a RU  |b 63413507  |c 20201204  |g RCR 
942 |c BK